| 000 | 00667nam a22001337a 4500 | ||
|---|---|---|---|
| 040 | _cRUA | ||
| 082 | _aAGR OEU 2015 B516 Or.1 | ||
| 100 | _aOEU RAVY; អឿ រ៉ាវី | ||
| 245 | _aComparison of urea rate on bunching onion crop at koh dach sangkat reussey keo commune, phnom penh city; ការប្រៀបធៀបកម្រិតជីអ៊ុយរ៉េទៅលើដំណាំខ្ទឹមស្លឹកនៅសង្កាត់កោះដាច់ ខណ្ឌឬស្សីកែវ រាជធានីភ្នំពេញ | ||
| 260 |
_aPhnom Penh _bRUA _c2015 |
||
| 300 |
_ax;41p; _bill; _c29cm; |
||
| 856 | _uOEU RAVY | ||
| 942 | _cAGR | ||
| 999 |
_c10527 _d10527 |
||